000 00316 a2200157 4500
001 182580
020 _a
040 _cMagnum
100 _aPorto, Sérgio
240 1 0 _aO livro das festas
_lpor
245 1 0 _aO livro das festas
300 _a186
362 0 _a1981
697 _aLITERATURA GERAL
942 _cBK
999 _c182580
_d182580